Malíř jižní Moravy /

Hlavní autor: Vojtek, Antonín, 1934-
Jazyk: Angličtina
Čeština
Vydáno: Břeclav : Moraviapress, 1994
Témata:
Externí odkaz: Digitalizovaný dokument
Fyzický popis: 141 s., [24] s. barev. il. : il. ; 22 cm
Knihy
Uloženo v:
LEADER 01673nam a2200445 a 4500
001 000000505
003 CZ BrMZK
005 20260309084426.0
007 ta
008 941102s1994 xr a e 000 0deng d
015 |a cnb000094812 
040 |a BOA001  |b cze 
041 0 |a eng  |a cze 
043 |a e-xr--- 
045 |a x-x- 
072 7 |a 75  |x Malířství  |2 Konspekt  |9 21 
080 |a 75(437.3)  |2 MRF 
080 |a 75.036/.038  |2 MRF 
080 |a (437.3)  |2 MRF 
080 |a (083.82)  |2 MRF 
100 1 |a Vojtek, Antonín,  |d 1934-  |7 jn19990216184  |4 aut 
245 1 0 |a Malíř jižní Moravy /  |c Antonín Vojtek 
260 |a Břeclav :  |b Moraviapress,  |c 1994 
300 |a 141 s., [24] s. barev. il. :  |b il. ;  |c 22 cm 
500 |a Text též angl. 
500 |a Vyd. vl. nákl. autora 
500 |a Dostupné též v digitální podobě v aplikaci Kramerius 
600 1 7 |a Vojtek, Antonín,  |d 1934-  |7 jn19990216184  |2 czenas 
648 7 |a 20. století  |7 ch460558  |2 czenas 
650 0 7 |a české malířství  |7 ph116864  |y 20. století  |2 czenas 
650 0 7 |a moderní malířství  |7 ph122940  |z Česko  |2 czenas 
650 0 9 |a Czech painting  |y 20th century  |2 eczenas 
650 0 9 |a modern painting  |z Czechia  |2 eczenas 
655 7 |a katalogy  |7 fd132535  |2 czenas 
655 9 |a catalogs  |2 eczenas 
856 4 1 |u http://www.digitalniknihovna.cz/mzk/uuid/uuid:287ac530-866a-11e8-9690-005056827e51  |y Digitalizovaný dokument  |x NDK 
910 |a BOA001  |b 2-1003.106 
990 |a BK 
996 6 |b 2610013808  |c 2-1003.106  |l MZK  |r Sklad / do 1 hodiny  |n 0  |p p.v.  |w 000000505  |u 000010  |a 1  |e BOA001  |j MZK50  |s P 
996 7 |b 2610019020  |c 2-1003.106  |l MZK  |r Sklad / do 1 hodiny  |n 5  |p p.v.  |w 000000505  |u 000020  |a 1  |e BOA001  |j MZK50  |s A